000 00757nam a22002417a 4500
003 UA-OsUOA
001 50708
007 ta
008 20140625b un ||||| |||| 00| 0 ukr d
100 _aСоловей Д.
090 _a94(477).06
_bС60
942 _cBK
040 _aUA-OsUOA
_bukr
_cUA-OsUOA
_dUA-OsUOA
245 _aВинищення українства - основна мета Росії у війні 1914 року
300 _a70 с.
955 _a1
041 _aukr
080 _a94(477).06
260 _aВінніпег
_c1963
650 7 _a9 Географія. Біографії. Історія
_2UDC
999 _c430811
_d430811